Apache My FAces 1.2 Web Application Development: (Record no. 326777)

MARC details
000 -LEADER
fixed length control field 00507nam a2200157Ia 4500
008 - FIXED-LENGTH DATA ELEMENTS--GENERAL INFORMATION
fixed length control field 230718s9999 xx 000 0 und d
041 ## - LANGUAGE CODE
Language code of text/sound track or separate title eng
082 ## - DEWEY DECIMAL CLASSIFICATION NUMBER
Classification number 005.678
Item number KUM
100 ## - MAIN ENTRY--PERSONAL NAME
Personal name Kummel B.
9 (RLIN) 175374
245 ## - TITLE STATEMENT
Title Apache My FAces 1.2 Web Application Development:
Remainder of title Building Next-Generation Web Applications With JSF And Facelets
260 ## - PUBLICATION, DISTRIBUTION, ETC. (IMPRINT)
Date of publication, distribution, etc. 2010
Name of publisher, distributor, etc. Packt Publishing
300 ## - PHYSICAL DESCRIPTION
Extent 387
365 ## - TRADE PRICE
Currency code Rs.
Price amount 500.00
700 ## - ADDED ENTRY--PERSONAL NAME
Personal name Kummel B.
9 (RLIN) 175374
906 ## - LOCAL DATA ELEMENT F, LDF (RLIN)
d O:0143628-Dec-2010B:620712-Nov-2010
c COMP
b 125
Holdings
Withdrawn status Lost status Damaged status Not for loan Home library Current library Date acquired Vendor Budget Code Cost, normal purchase price Bill number Total Checkouts Full call number Barcode Date last seen Discount Cost, replacement price Bill Date Koha item type Original Barcode
        Cummins College of Engineering for Women Pune Cummins College of Engineering for Women Pune 28/12/2010 Tbs COMP 375.00 6207   005.678 CCEP-BK-37984 18/07/2023 125 500.00 12/11/2010 Books 037984